| 000 | 00784nam a2200181 4500 | ||
|---|---|---|---|
| 999 |
_c7430 _d7430 |
||
| 008 | 170912b xxu||||| |||| 00| 0 eng d | ||
| 022 | _a00014826 | ||
| 082 | _aDPer 657.05 Ac27 May 2016 v. 91, n. 3 | ||
| 100 |
_922512 _aBills, Kenneth L. |
||
| 245 |
_aSmall audit firm membership in associations, networks, and alliances: _bimplications for audit quality and audit fees/ _cKenneth L. Bills, Lauren M. Cunningham, and Linda A. Myers. |
||
| 260 |
_aSarasota, Florida: _bAmerican, Accounting Association, _c©2016. |
||
| 300 |
_av91 n3, pages 767-792: _billustrations; _c28 cm. |
||
| 500 | _aThe accounting review. | ||
| 650 | 0 |
_922515 _aAuditing _xQuality |
|
| 700 |
_922513 _aCunningham, Lauren M. _eAuthor. |
||
| 700 |
_922514 _aMyers, Linda A. _eAuthor. |
||
| 942 |
_2ddc _cPER |
||